|
|
|
|
| LEADER |
01560nam a22002657a 4500 |
| 001 |
37589 |
| 003 |
BD-DhAAL |
| 005 |
20250622094235.0 |
| 008 |
211212t2020 bg a|||| b||| 00| 0 ben d |
| 040 |
|
|
|a BD-DhAAL
|
| 041 |
|
|
|a ben
|
| 082 |
|
|
|a 954.9205092
|2 23
|
| 245 |
|
|
|a মহানক্ষত্র মুজিব :
|b জাতির পিতা বঙ্গবন্ধু শেখ মুজিবুর রহমান জন্মশতবার্ষিকী স্মারকগ্রন্থ ২০২০ /
|c ইসলামী বিশ্ববিদ্যালয়.
|
| 246 |
|
|
|a Mahanakshattra :
|b The father of the nation Bangabanshu Sheikh Mujibur Rahman's birth centenary commemoration anthology 2020 /
|
| 260 |
|
|
|a ঢাকা :
|b ইসলামী বিশ্ববিদ্যালয়,
|c ২০২০.
|
| 300 |
|
|
|a ১৯৫ পৃষ্ঠা :
|b চিত্র ;
|c ২২ সে.মি.
|
| 504 |
|
|
|a তথ্যসুত্র অন্তভুক্ত
|
| 541 |
|
|
|a Complimentary copy from Islamic University
|e 37589
|
| 600 |
|
|
|a Mujibur Rahman, Sheikh
|d 1920-1975.
|9 43556
|
| 651 |
|
|
|a Bangladesh
|x Politics and government.
|9 43557
|
| 710 |
|
|
|a ইসলামী বিশ্ববিদ্যালয়.
|9 45019
|
| 852 |
|
|
|a Ayesha Abed Library
|c Bangabandhu Corner
|
| 942 |
|
|
|2 ddc
|c BK
|
| 999 |
|
|
|c 43351
|d 43351
|
| 952 |
|
|
|0 0
|1 0
|2 ddc
|4 0
|6 954_920509200000000_MOH
|7 0
|9 69545
|a BRACUL
|b BRACUL
|c BNC
|d 2021-12-12
|e Complimentary copy from Islamic University
|l 0
|o 954.9205092 MOH
|p 3010037589
|r 2021-12-12
|t 1
|v 2021.00
|w 2021-12-12
|y BK
|